Central Library OPAC University of Rajshahi

Muslim Women's Rights in Bangladesh : (Record no. 82875)

MARC details
000 -LEADER
fixed length control field 00917nam a22002417a 4500
001 - CONTROL NUMBER
RUCL Control Number 82875
003 - CONTROL NUMBER IDENTIFIER
rucl marc code BD-RjUL
005 - DATE AND TIME OF LATEST TRANSACTION
control field 20240130174649.0
008 - FIXED-LENGTH DATA ELEMENTS--GENERAL INFORMATION
fixed length control field 240130s2009 bg a|||| m||| 00| 0 eng d
035 ## - SYSTEM CONTROL NUMBER
system control number (BD-RjUL)82875
040 ## - CATALOGING SOURCE
Original cataloging agency BD-RjUL
Language of cataloging eng
Transcribing agency BD-RjUL
Modifying agency BD-RjUL
041 ## - LANGUAGE CODE
Language code of Book eng
082 ## - DEWEY DECIMAL CLASSIFICATION NUMBER
DDC Edition number 23
Classification number 340.59095492
Author mark and Year ANM 2009
100 ## - MAIN ENTRY--PERSONAL NAME
Personal name Anju, Sayeeda
9 (RLIN) 11292
245 10 - TITLE STATEMENT
Title Muslim Women's Rights in Bangladesh :
Remainder of title A legal study of Islamic Law and CEDAW /
Statement of responsibility, etc By Sayeeda, Anju ;
Name of Supervisor/Co-Supervisor Supervisor : Begum, Asma Siddiqua
260 ## - PUBLICATION, DISTRIBUTION, ETC. (IMPRINT)
Place of publication, distribution, etc Rajshahi :
Name of publisher, distributor, etc Institute of Education & Research, Rajshahi University,
Date of publication, distribution, etc 2009
300 ## - PHYSICAL DESCRIPTION
Pagination xvi, 308 leaves :
Other physical details ill, ;
Dimensions 29.cm.
502 ## - DISSERTATION NOTE
Dissertation note Thesis (Ph. D.) -- Institute of Education & Research, Rajshahi University, 2009
504 ## - BIBLIOGRAPHY, ETC. NOTE
Bibliography, etc Bibliography : Leaves 270 -279
650 ## - SUBJECT ADDED ENTRY--TOPICAL TERM
Topical term or geographic name as entry element Islamic Law
Geographic subdivision Bangladesh
9 (RLIN) 11293
700 ## - ADDED ENTRY--SUPERVISOR/CO-SUPERVISOR NAME
Personal name Siddiqua, Begum, Asma, Supervisor
9 (RLIN) 1919
942 ## - ADDED ENTRY ELEMENTS (KOHA)
Source of classification or shelving scheme Dewey Decimal Classification
Koha item type Theses
Holdings
Source of classification or shelving scheme Damaged status Not for loan Collection code Permanent Location Current Location Shelving location Date of accession Source of acquisition Total Checkouts Full call number Barcode Date last seen Copy number Thesis
Dewey Decimal Classification   Not For Loan Theses Central Library, University of Rajshahi Central Library, University of Rajshahi Documentation Section 28/10/2010 Controller of Exam. R. U.   THE 340.59095492 ANM 2009 D3100 30/01/2024 C-1 Theses